LEADER 00981nam0-22003371i-450 001 990001758720403321 005 20190731115455.0 010 $a88-206-3592-5 035 $a000175872 035 $aFED01000175872 035 $a(Aleph)000175872FED01 035 $a000175872 100 $a20030910d1992----km-y0itay50------ba 101 0 $aita 102 $aIT 105 $ay-------001yy 200 1 $aAgriturismo$euna scelta possibile$ela legge, le idee, le proposte operative per aiutare l'agricoltore a diventare operatore agrituristico$fAlteo Dolcini 210 $aBologna$cEdagricole$d1992 215 $aXV, 438 p.$d24 cm 610 0 $aAgriturismo 676 $a796.56 700 1$aDolcini,$bAlteo$076415 801 0$aIT$bUNINA$gRICA$2UNIMARC 901 $aBK 912 $a990001758720403321 952 $a046.006.DOL$b1808$fDECGE 952 $a60 796.56 DOLA 1992$b3546$fFAGBC 959 $aFAGBC 959 $aDECGE 996 $aAgriturismo$9362906 997 $aUNINA LEADER 05060nam 2200553 a 450 001 9910452461903321 005 20200520144314.0 010 $a1-78684-248-3 010 $a1-118-69918-1 010 $a1-118-69917-3 035 $a(CKB)2550000001114825 035 $a(EBL)1367693 035 $a(OCoLC)862821309 035 $a(MiAaPQ)EBC1367693 035 $a(DLC) 2013015562 035 $a(Au-PeEL)EBL1367693 035 $a(CaPaEBR)ebr10753393 035 $a(CaONFJC)MIL514697 035 $a(OCoLC)874399319 035 $a(EXLCZ)992550000001114825 100 $a20130416d2014 uy 0 101 0 $aeng 135 $aur|n|---||||| 200 10$aCare of people with diabetes$b[electronic resource] $ea manual of nursing practice /$fTrisha Dunning 205 $a4th ed. 210 $aChichester, West Sussex $cJohn Wiley & Sons$d2014 215 $a1 online resource (610 p.) 300 $aDescription based upon print version of record. 311 $a0-470-65919-X 320 $aIncludes bibliographical references and index. 327 $aCare of People with Diabetes: A Manual of Nursing Practice; Copyright; Contents; Foreword; Preface; Acknowledgements; List of Abbreviations and Symbols; 1 Diagnosing and Classifying Diabetes; Key points; What is diabetes mellitus?; Prevalence of diabetes; Classification of diabetes; Overview of normal glucose homeostasis; The metabolic syndrome; Key features of the metabolic syndrome; The metabolic syndrome in children and adolescents; Type 1 and Type 2 diabetes; Type 1 diabetes; Latent autoimmune diabetes (LADA); Type 2 diabetes; Type 2 diabetes in Indigenous children and adolescents 327 $aGestational diabetesMaturity onset diabetes of the young (MODY); Diagnosing diabetes; Oral glucose tolerance test (OGTT; Rationale for (OGIT); Preparing the patient for an (OGTT); Test protocol; Screening for diabetes; Preventing Type 2 diabetes; Preventing Type 1 diabetes; Managing diabetes mellitus; Key points; The diabetes team; Aims of management; Exercise/activity; Exercise for the person in hospital; Diabetes education; Complications of diabetes; Acute complications; Long-term complications; Aim and objectives of nursing care of people with diabetes 327 $aFactors that complicate diabetes management during illnessAims and objectives of nursing care; Aims; Rationale; Objectives; Technology and diabetes management; A sobering final comment; References; Further reading; 2 Holistic Assessment, Nursing Diagnosis, and Documentation; Key points; Rationale; Holistic nursing; Care models; Characteristics of an holistic nursing history; Nursing history; Example Health Assessment Chart; Instruments to measure health status; Documenting and charting patient care; Documenting in the health record; Care plans; Nursing notes 327 $aDocumenting metabolic status (`diabetic charts')Nursing responsibilities; Documentation by people with diabetes; References; Further reading; 3 Monitoring Diabetes Mellitus; Key points; Rationale; Introduction; Monitoring 1: Blood glucose; Key points; The role of blood glucose monitoring in the care of diabetes; Factors that influence blood glucose levels; Guidelines for the frequency of blood glucose monitoring; Blood glucose meters; Continuous glucose monitoring systems; Continuous glucose monitoring system (CGMS); Interpreting different results; Reasons for inaccurate blood glucose results 327 $aMonitoring blood ketonesBlood glucose testing checklist; Monitoring 2: Urine glucose; Key points; Indications for urine glucose tests; Monitoring kidney function; Methods of screening for microalbuminuria; Several methods are available and include:; Monitoring 3: Additional assessment; Nursing responsibilities; Blood glucose; Glycosylated or glycated haemoglobin (HbA1c); Fructosamines; Serum lipids; C-peptide; Islet cell antibodies; Creatinine clearance and urea; Self-care; The annual review; References; Further reading; 4 Nutrition, Obesity and Exercise; Key points; Rationale 327 $aThe importance of good nutrition 330 $a Care of People with Diabetes is an essential guide to the care and management of people with diabetes mellitus, with particular emphasis on the acute care setting. Written by an experienced clinical nurse specialist with extensive knowledge of evidence-based diabetes care, this fully updated fourth edition serves as an essential companion to clinical practice for nurses and healthcare professionals.People with diabetes experience a high symptom and self-care burden associated with managing their condition, and require appropriate support, advice and regular monitoring. Si 606 $aDiabetes$xNursing$vHandbooks, manuals, etc 608 $aElectronic books. 615 0$aDiabetes$xNursing 676 $a616.4/620231 700 $aDunning$b Trisha$0867094 801 0$bMiAaPQ 801 1$bMiAaPQ 801 2$bMiAaPQ 906 $aBOOK 912 $a9910452461903321 996 $aCare of people with diabetes$92126812 997 $aUNINA LEADER 05346nam 2200685Ia 450 001 9910830652803321 005 20230124190123.0 010 $a1-283-02644-9 010 $a9786613026446 010 $a1-118-25572-0 010 $a1-118-01497-9 035 $a(CKB)2670000000066975 035 $a(EBL)644898 035 $a(SSID)ssj0000466240 035 $a(PQKBManifestationID)11269573 035 $a(PQKBTitleCode)TC0000466240 035 $a(PQKBWorkID)10458180 035 $a(PQKB)11666612 035 $a(MiAaPQ)EBC644898 035 $a(OCoLC)761321900 035 $a(CaSebORM)9780470612910 035 $a(EXLCZ)992670000000066975 100 $a20110205d2011 uy 0 101 0 $aeng 135 $aur|n|---||||| 181 $ctxt 182 $cc 183 $acr 200 10$aAdobe Acrobat X PDF Bible$b[electronic resource] /$fTed Padova 205 $a1st edition 210 $aIndianapolis, IN $cJohn Wiley & Sons, Inc.$d2011 215 $a1 online resource (939 p.) 225 1 $aBible ;$vv.756 225 0$aBible 300 $aDescription based upon print version of record. 311 $a0-470-61291-6 327 $aAdobe Acrobat X PDF Bible; About the Author; Credits; About This Book; Staying Connected; Contacting Me; What Is Adobe Acrobat?; New Features in Adobe Acrobat Professional; Part I: Introducing Adobe Acrobat; Chapter 1: Getting to Know Adobe Acrobat; Getting to Know the Viewing Modes; Discovering Adobe Acrobat; Understanding PDF; Understanding PDF Standards; Working in the Acrobat Environment; Using Panels; Understanding Preferences; Summary; Chapter 2: Using Acrobat Viewers; Exploring Viewer Distinctions; Using Plug-ins; Summary; Chapter 3: Using Help and Resources; Accessing Help 327 $aUsing ResourcesSummary; Chapter 4: Getting Familiar with Adobe Reader; Exploring Adobe Reader Tools and Menus; Trying Out PDF Creation at Acrobat.com; Creating PDF Files Using Acrobat.com; Introducing Protected Mode; Adding More Functionality to Adobe Reader; Summary; Chapter 5: Viewing and Navigating PDF Files; Using Read Mode; Customizing the Quick Tools Toolbar; Navigating PDF Documents; Zooming In and Out; Setting Initial View Attributes; Viewing Files with the Window Menu; Viewing Links; Opening PDF Files; Summary; Chapter 6: Searching PDF Files; Using the Find Toolbar 327 $aUsing the Search WindowUnderstanding Document Descriptions; Comparing Full-Text and Index Searches; Using Search Index Procedures; Creating Search Indexes (Acrobat Pro Only); Using Index Files; Working with Embedded Index Files; Summary; Part II: Converting Documents to PDF; Chapter 7: Converting Files to PDF; Understanding How PDFs Are Created; Converting Native Documents to PDF; Creating PDFs from Files; Scanning to PDF; Converting Web Pages to PDF; Summary; Chapter 8: Using Acrobat PDFMaker with Microsoft Programs; Using Acrobat with Microsoft Word; Converting Microsoft Excel Files to PDF 327 $aConverting Microsoft PowerPointFiles to PDFChanging Microsoft Publisher Files to PDF; Converting Web Pages from Internet Explorer to PDF (Windows Only); Converting Microsoft Outlook Emails to PDF (Windows Only); Summary; Chapter 9: Exporting to PDF from Authoring Applications; Working with Acrobat and the Adobe Creative Suite; Using Acrobat with Non-Adobe Programs; Summary; Chapter 10: Exporting PDF Content; Saving PDF Files; Exporting to PDF; Exporting Data to Different Formats; Summary; Part III: Editing PDFs; Chapter 11: Combining, Packaging, and Attaching PDFs 327 $aMerging Files into a Single PDF DocumentWorking with PDF Portfolios; Navigating PDF Portfolios; Working with File Attachments; Using the Attachments Panel; Summary; Chapter 12: Editing Text; Using the Edit Document Text Tool; Setting Text Editing Preferences; Using the Select Tool; Looking Up Definitions; Summary; Chapter 13: Redacting PDFs; Understanding Redaction; Getting a Grip on the Redaction Tools; Redacting PDF Files; Sanitizing a Document; Summary; Chapter 14: Editing Images and Objects; Selecting Images; Editing Images and Objects Outside of Acrobat; Exporting Images; Summary 327 $aChapter 15: Editing Pages 330 $aThe classic Acrobat and PDF reference, updated to cover the latest release Consistently the most authoritative and comprehensive resource on the Acrobat PDF format, this standard reference returns with in-depth coverage of the newest version of Acrobat. Written by bestselling author Ted Padova, this book is packed with real-world insights and techniques gained from Padova's daily use of Acrobat under deadline constraints. You'll discover everything there is to know about using Acrobat X for print prepress, the Internet, CD-ROMs, and other forms of media.Popular author Ted Pado 410 0$aBible 606 $aFile conversion (Computer science) 606 $aPortable document software 606 $aComputer science 615 0$aFile conversion (Computer science) 615 0$aPortable document software. 615 0$aComputer science. 676 $a005.72 676 $a005.726 700 $aPadova$b Ted$0878478 801 0$bMiAaPQ 801 1$bMiAaPQ 801 2$bMiAaPQ 906 $aBOOK 912 $a9910830652803321 996 $aAdobe Acrobat X PDF Bible$94071555 997 $aUNINA